| 000 | 00427cam a2200169ua 4500 | ||
|---|---|---|---|
| 041 |
_aeng _h |
||
| 082 |
_a828.09 _bBEN/JA |
||
| 100 | _aBentley, Gerald Eades . | ||
| 245 |
_aJacobean and Caroline stage / _cGerald Eades Bentley. _hTextual Documents |
||
| 250 |
_a1 / _b. |
||
| 260 |
_aOxford : _bClarendon Press , _c1956. |
||
| 300 | _a470 ; . | ||
| 504 | _a | ||
| 942 | _cBK | ||
| 999 |
_c6657 _d6657 |
||